000 01534nam0a2200361 i 4500
001 RU\NLR\BIBL_A\010006288
005 20240726092911.0
010 _a9789657467237
_9200
021 _aRU
_b2013-82280
_95688
035 _a(NILC)RuMoRGB-006680113
035 _a(NLR Aleph) 010006288
090 _a9827131
_c9827131
100 _a20131121d2011 m y0rusy50 ca
101 0 _arus
102 _aRU
_aIL
105 _ay|||z|||000gy
200 1 _aДегустация солнца
_eстихи разных лет
_fБорис Хайкин
_g[подгот. Вера Горт]
210 _aМосква
_aТель-Авив
_cЭ.РА
_d2011
215 _a255 с.
_d22
300 _aНа 4-й с. обл. авт.: Борис Хайкин, поэт, чл. СП Израиля
327 1 _aСодерж.: циклы: Избранное из неизданного; Цветы разлуки; Берегиня; Звездный поцелуй; Автограф; Линия судьбы; Караван из галута; Зона любви; Дегустация солнца; На перекрестке ностальгий; Словотерапия
675 _a821.161.1-1
686 2 _aШ6(2=Р)6-4
700 1 _aХайкин
_bБ.
_f1949-
_gБорис
702 1 _aГорт
_bВ.
_gВера
_4220
801 0 _aRU
_bRuMoRKP
_c20131014
_gRCR
801 2 _aRU
_bРГБ
_c20131025
_grcr
942 _cBOOK
980 _aNBR